| 000 | 00781nac a22002171u 4500 | ||
|---|---|---|---|
| 010 | _a2004109428 | ||
| 020 | _a0618502092 (pbk.) | ||
| 082 | 0 | 0 |
_a302 _bR322 |
| 090 |
_c1160 _d1160 |
||
| 100 | _aReece, Barry L. | ||
| 245 | 1 | 0 |
_aHuman relations : _bprinciples and practices / _cBarry L. Reece, Rhonda Brandt. |
| 250 | _a6th ed. | ||
| 260 |
_aBoston, MA : _bHoughton Mifflin Co.,2006 _c2006. |
||
| 300 |
_axxiii, 277 p. : _bill. ; _c26 cm. |
||
| 504 | _aIncludes bibliographical references (p. 251-261) and indexes. | ||
| 650 | 0 | _aCareer development. | |
| 650 | 0 | _aInterpersonal relations. | |
| 700 | 1 | _aBrandt, Rhonda. | |
| 942 |
_cBB _k302R322 |
||
| 999 |
_c1160 _d1160 |
||